000 01254nam a2200421 a 4500
003 AR-BaBNM
005 20251128205050.0
008 082120s2002 ||||||||||||||000 | spa||
020 _a950-557-193-3
040 _cAR-BaBNM
100 1 _aLewis, Paul H.
245 0 0 _aLa crisis del capitalismo argentino
250 _a1ª ed.
260 _aBuenos Aires
_bFondo de Cultura Económica
_c1993
300 _a606 p.
_btablas
490 0 _aSección de obras de política y derecho
500 _aIndice analítico: p. 593-604
600 1 4 _aPerón, Juan Domingo
600 1 4 _aPerón, María Estela Martínez De
600 1 4 _aAramburu, Pedro Eugenio
_d1955-1958
600 1 4 _aOnganía, Juan Carlos
600 1 4 _aMartínez de Hoz, José Alfredo
610 2 4 _aPartido Justicialista
610 2 4 _aConfederación General del Trabajo [Argentina]
610 2 4 _aUnión Industrial Argentina
610 2 4 _aUnión Obrera Metalúrgica [Argentina]
650 4 _aPOLITICA
650 4 _aPOLITICA ECONOMICA
650 4 _aECONOMIA
650 4 _aSINDICATOS
650 4 _aHISTORIA ECONOMICA
651 4 _aArgentina
653 _aPERONISMO
653 _aMONTONEROS
700 1 _aWolfson, Leandro
_etraductor
942 _cBK
998 _cEnrique
999 _c9837
_d9837